Shilpa Gupta (Record no. 895)

MARC details
000 -LEADER
campo de control de longitud fija 00781nam a22001817a 4500
008 - DATOS DE LONGITUD FIJA--INFORMACIÓN GENERAL
campo de control de longitud fija 160504b xxu||||| |||| 00| 0 eng d
082 ## - NÚMERO DE LA CLASIFICACIÓN DECIMAL DEWEY
Número de clasificación 708
Número de ítem G977s
100 ## - ENTRADA PRINCIPAL--NOMBRE DE PERSONA
Nombre de persona Shilpa Gupta; Shuddhabrata Sengupta
9 (RLIN) 4922
110 ## - ENTRADA PRINCIPAL--NOMBRE DE ENTIDAD CORPORATIVA
Nombre de entidad corporativa o nombre de jurisdicción como elemento de entrada Bose Pacia , New York, NY
9 (RLIN) 4923
245 ## - MENCIÓN DEL TÍTULO
Título Shilpa Gupta
Resto del título May 17 - July 24, 2006
Mención de responsabilidad, etc. Shilpa Gupta; Shuddhabrata Sengupta
260 ## - PUBLICACIÓN, DISTRIBUCIÓN, ETC.
Lugar de publicación, distribución, etc. New York, NY
Nombre del editor, distribuidor, etc. Bose Pacia
Fecha de publicación, distribución, etc. 2006
300 ## - DESCRIPCIÓN FÍSICA
Extensión 104 pag
Otras características físicas ill. col
Dimensiones 22 cm
505 ## - NOTA DE CONTENIDO CON FORMATO
Título Lipstick and camouflage
Mención de responsabilidad Shuddhabrata Sengupta
Título Critique of Mediation Through
Mención de responsabilidad Axel Roch
Título Blessed-bandwidth.net
Mención de responsabilidad JohnPijnappel
Título Addressing That Unknown Quantity in indian Art
Mención de responsabilidad Nancy Adajania
700 ## - ENTRADA AGREGADA--NOMBRE PERSONAL
Nombre de persona Shuddhabrata Sengupta
9 (RLIN) 4924
700 ## - ENTRADA AGREGADA--NOMBRE PERSONAL
Nombre de persona Axel Roch
9 (RLIN) 4925
700 ## - ENTRADA AGREGADA--NOMBRE PERSONAL
Nombre de persona JohnPijnappel
9 (RLIN) 4926
700 ## - ENTRADA AGREGADA--NOMBRE PERSONAL
Nombre de persona Nancy Adajania
9 (RLIN) 4927
Holdings
Estatus retirado Estado de pérdida Fuente del sistema de clasificación o colocación Estado de daño No para préstamo Biblioteca de origen Biblioteca actual Ubicación en estantería Fecha de adquisición Total de préstamos Signatura topográfica completa Código de barras Visto por última vez Precio de reemplazo Tipo de ítem Koha
    Clasificación Decimal Dewey     Biblioteca LadoV Biblioteca LadoV   04/05/2016   708 G977s 002036 04/05/2016 04/05/2016 Material 01